000 00720nam a2200265Ia 4500
005 20260302115044.0
008 008 260114s9999 xx 000 0 eng d
020 _a9781474220460
037 _aTextbook
040 _aCRL
040 _beng
040 _cCRL
041 _2eng
041 _aeng
084 _qCRL
100 _aJoe Winston
_91120564
245 0 _aTransforming the Teaching of Shakespeare with the Royal Shakespeare Company
260 _bBloomsbury
260 _bThe Arden Shakespeare
260 _c2015
650 _aLiterary Studies
856 _uhttps://dx.doi.org/10.5040/9781474220460?locatt=label:secondary_bloomsburyCollections
942 _cEBOOK
999 _c1684796
_d1684796